[Event "Open SSM A Agosto"]
[Site "Milano ITA"]
[Date "2012.07.29"]
[Round "3"]
[White "Cani, Gazmir"]
[Black "Martinez, Rolly"]
[WhiteElo "2151"]
[BlackElo "2425"]
[Result "0-1"]
[PlyCount "82"]
[EventDate "2012.07.27"]

1. d4 Nf6 2. Bg5 e6 3. e4 h6 4. Bxf6 Qxf6 5. Nf3 d6 6. Nc3 Nd7 7. Qd2 a6 8.
O-O-O Qd8 9. e5 d5 10. h4 c5 11. Ne2 b5 12. g4 g6 13. Nf4 c4 14. Rh3 Nb6 15. c3
a5 16. Qc2 b4 17. Nd2 Rb8 18. Nxg6 fxg6 19. Qxg6+ Kd7 20. Nxc4 Nxc4 21. Bxc4
bxc3 22. Rxc3 Qxh4 23. Bxd5 Qg5+ 24. Qxg5 hxg5 25. Bc6+ Ke7 26. d5 exd5 27.
Bxd5 Bxg4 28. f3 Be6 29. Rc7+ Kd8 30. Ra7 Bxd5 31. Rxd5+ Ke8 32. Kc2 Rh2+ 33.
Kd3 Rhxb2 34. Rdxa5 Be7 35. Ra8 Rxa8 36. Rxa8+ Kf7 37. Ra6 Rb5 38. Ke4 Rb4+ 39.
Kd3 Rf4 40. Ke2 Rf5 41. a4 Rxe5+ 0-1

[Event "Open SSM A Agosto"]
[Site "Milano ITA"]
[Date "2012.07.29"]
[Round "3"]
[White "Coppola, Federico"]
[Black "Papale, Carmelo"]
[WhiteElo "1844"]
[BlackElo "1868"]
[Result "1-0"]
[PlyCount "57"]
[EventDate "2012.07.27"]

1. e4 c5 2. Nf3 d6 3. d4 cxd4 4. Nxd4 Nf6 5. Nc3 a6 6. Bg5 e6 7. f4 Be7 8. Qf3
Qc7 9. O-O-O Nbd7 10. g4 b5 11. Bxf6 Nxf6 12. g5 Nd7 13. f5 Nc5 14. f6 gxf6 15.
gxf6 Bf8 16. Rg1 b4 17. Nd5 exd5 18. exd5 Nd7 19. Re1+ Ne5 20. Nc6 h5 21. Nxe5
Bh6+ 22. Kb1 dxe5 23. d6 Qa7 24. Rxe5+ Be6 25. Qe4 O-O-O 26. Qxb4 Rd7 27. Rc5+
Kd8 28. Qa5+ Ke8 29. Rc8+ 1-0

[Event "Open SSM A Agosto"]
[Site "Milano ITA"]
[Date "2012.07.29"]
[Round "3"]
[White "D'Avino, Luca"]
[Black "Bemporad, Filippo"]
[WhiteElo "1863"]
[BlackElo "2077"]
[Result "1-0"]
[PlyCount "79"]
[EventDate "2012.07.27"]

1. c4 c5 2. Nf3 Nc6 3. Nc3 g6 4. g3 Bg7 5. Bg2 Nf6 6. O-O O-O 7. d3 d6 8. Bd2
Bf5 9. Qc1 Re8 10. Re1 Rb8 11. Bg5 Qc8 12. Qd2 Ng4 13. h3 Nge5 14. Nxe5 Bxe5
15. Kh2 Bg7 16. Nd5 Be6 17. Rac1 Bd4 18. a3 Bxf2 19. Rf1 Bd4 20. b4 Bg7 21. b5
Bxd5 22. Bxd5 Ne5 23. Rf2 e6 24. Bg2 f5 25. e4 Nf7 26. exf5 gxf5 27. Qf4 Qd7
28. Rcf1 Ne5 29. Qd2 Rf8 30. a4 Nf7 31. Be3 Qe7 32. Re2 Ne5 33. Bf4 Kh8 34.
Rfe1 Qc7 35. a5 Bf6 36. Rb1 Qe7 37. Rbe1 Rg8 38. Rxe5 Bxe5 39. Rxe5 Rge8 40.
Qe2 1-0

[Event "Open SSM A Agosto"]
[Site "Milano ITA"]
[Date "2012.07.29"]
[Round "3"]
[White "Falchi, Claudio"]
[Black "Villalba, Fernando"]
[WhiteElo "1849"]
[BlackElo "1858"]
[Result "1-0"]
[PlyCount "109"]
[EventDate "2012.07.27"]

1. e4 c5 2. Nc3 Nc6 3. g3 d6 4. Bg2 Nf6 5. d3 e5 6. f4 Bg4 7. Nf3 Nd4 8. h3
Nxf3+ 9. Bxf3 Bd7 10. g4 Bc6 11. g5 Nd7 12. f5 Qc7 13. Nd5 Bxd5 14. exd5 O-O-O
15. Be3 Qa5+ 16. Bd2 Qc7 17. b4 f6 18. h4 Re8 19. Be4 Be7 20. b5 b6 21. a4 fxg5
22. hxg5 Qd8 23. Qc1 h6 24. g6 Bg5 25. a5 Bxd2+ 26. Qxd2 Qc7 27. Ke2 Kb8 28. c4
Rhf8 29. Ra3 Re7 30. Rha1 Rh8 31. axb6 Nxb6 32. Qe1 Rf8 33. Qh4 Rf6 34. Ra6 Qc8
35. Ke3 Rb7 36. Qh2 Qd8 37. Qa2 Qe7 38. Qa5 Rf8 39. Ke2 Rc8 40. Rf1 Qh4 41. f6
Rf8 42. f7 Qh2+ 43. Rf2 Qh5+ 44. Ke1 Qg5 45. Qd2 Qh4 46. Bf5 Re7 47. Kd1 Rb7
48. Qe3 Qf6 49. Qh3 Qg5 50. Qg4 Qe3 51. Rf3 Qd4 52. Qxd4 cxd4 53. Rh3 Rbxf7 54.
gxf7 Rxf7 55. Rf3 1-0

[Event "Open SSM A Agosto"]
[Site "Milano ITA"]
[Date "2012.07.29"]
[Round "3"]
[White "Margstahler, Francesco"]
[Black "Virzi, Ettore"]
[WhiteElo "1787"]
[BlackElo "1964"]
[Result "1/2-1/2"]
[PlyCount "129"]
[EventDate "2012.07.27"]

1. e4 e5 2. Nf3 Nc6 3. Nc3 Nf6 4. d4 exd4 5. Nxd4 Bb4 6. Nxc6 bxc6 7. Bd3 O-O
8. O-O d5 9. exd5 cxd5 10. Bg5 c6 11. Qf3 h6 12. Bxf6 Qxf6 13. Qxf6 gxf6 14.
Ne2 Bd6 15. c4 dxc4 16. Bxc4 Be5 17. Nc3 Rb8 18. Bb3 Be6 19. Bxe6 fxe6 20. Rab1
Rfd8 21. Rfd1 Bxc3 22. Rxd8+ Rxd8 23. bxc3 Rd2 24. g3 Rxa2 25. Rb7 Rc2 26. Rxa7
Rxc3 27. Rc7 c5 28. h4 Rc1+ 29. Kg2 c4 30. h5 c3 31. Kf3 c2 32. Ke2 Rh1 33.
Rxc2 Rxh5 34. Rc7 Rg5 35. Re7 e5 36. f4 Rg7 37. Re8+ Kf7 38. Rh8 e4 39. Rxh6
Rxg3 40. f5 Rf3 41. Rh4 Rxf5 42. Rxe4 Kg6 43. Rg4+ Kh5 44. Ra4 Kg5 45. Ke3 Rf1
46. Ke2 Rf4 47. Ra3 Kg4 48. Rb3 f5 49. Ra3 Rb4 50. Kf1 Rb2 51. Rc3 Ra2 52. Kg1
f4 53. Kf1 Kh4 54. Rf3 Ra1+ 55. Kf2 Kg4 56. Rb3 Ra2+ 57. Kf1 Rc2 58. Ra3 Kf5
59. Ra5+ Kg4 60. Ra3 f3 61. Ra8 Kf4 62. Rf8+ Ke3 63. Re8+ Kf4 64. Rf8+ Ke3 65.
Re8+ 1/2-1/2

[Event "Open SSM A Agosto"]
[Site "Milano ITA"]
[Date "2012.07.29"]
[Round "3"]
[White "Montoli, Marco"]
[Black "Cacciola, Alfredo"]
[WhiteElo "1886"]
[BlackElo "2087"]
[Result "1/2-1/2"]
[PlyCount "39"]
[EventDate "2012.07.27"]

1. c4 e6 2. Nf3 d5 3. d4 Nf6 4. g3 dxc4 5. Bg2 Nc6 6. O-O Rb8 7. Nc3 b5 8. a3
Be7 9. e4 a6 10. d5 Na5 11. Bf4 O-O 12. Qc2 Bb7 13. dxe6 fxe6 14. Rad1 Qc8 15.
Bh3 Ba8 16. Nd4 Rb6 17. Be3 c5 18. Nde2 b4 19. axb4 Rxb4 20. Nf4 1/2-1/2

[Event "Open SSM A Agosto"]
[Site "Milano ITA"]
[Date "2012.07.29"]
[Round "3"]
[White "Pace, Pietro Dario"]
[Black "Moroni, Luca jr"]
[WhiteElo "2266"]
[BlackElo "2128"]
[Result "1/2-1/2"]
[PlyCount "125"]
[EventDate "2012.07.27"]

1. e4 c5 2. Nf3 d6 3. c3 Nf6 4. Be2 Nc6 5. d3 e6 6. O-O Be7 7. Re1 O-O 8. Bf1
d5 9. e5 Ne8 10. d4 Qb6 11. a3 f6 12. exf6 Bxf6 13. dxc5 Qxc5 14. c4 Ne5 15.
Nxe5 Bxe5 16. Be3 Qd6 17. g3 Bd7 18. cxd5 exd5 19. Bd4 Bxd4 20. Qxd4 Nf6 21. h3
a6 22. Nc3 Rfe8 23. Bg2 Bc6 24. Rad1 Kf8 25. b4 Rxe1+ 26. Rxe1 Re8 27. Rd1 Qe5
28. Qc5+ Qe7 29. Qxe7+ Kxe7 30. Nxd5+ Nxd5 31. Bxd5 Bxd5 32. Rxd5 Rc8 33. Rd3
b5 34. Kg2 Rc2 35. Kf3 g6 36. Ke3 h6 37. h4 Ke6 38. f3 Rg2 39. Kf4 Rc2 40. g4
Rc4+ 41. Kg3 Rc2 42. Rd8 Rc3 43. Rh8 Kf6 44. Rxh6 Kg7 45. g5 Rxa3 46. h5 gxh5
47. Rxh5 a5 48. bxa5 Rxa5 49. Kg4 b4 50. Rh2 b3 51. Rb2 Rb5 52. Kh5 Rb4 53. f4
Rxf4 54. Rxb3 Rf7 55. Rb5 Ra7 56. Rb6 Rc7 57. Rg6+ Kh7 58. Rf6 Kg7 59. Rf5 Rb7
60. Rc5 Ra7 61. Kg4 Ra1 62. Rc7+ Kg6 63. Rc6+ 1/2-1/2

[Event "Open SSM A Agosto"]
[Site "Milano ITA"]
[Date "2012.07.29"]
[Round "3"]
[White "Pelizzola, Danilo"]
[Black "Pegoraro, Nicola"]
[WhiteElo "2045"]
[BlackElo "2068"]
[Result "1-0"]
[PlyCount "85"]
[EventDate "2012.07.27"]

1. e4 c5 2. Nf3 d6 3. d4 cxd4 4. Nxd4 Nf6 5. Nc3 Nc6 6. Be2 Qb6 7. Nb3 e6 8.
Be3 Qc7 9. O-O Be7 10. f4 O-O 11. Qd2 Rd8 12. Rad1 a6 13. Bf3 Rb8 14. a4 Kf8
15. Qf2 b5 16. axb5 axb5 17. g4 Na5 18. Nxa5 Qxa5 19. e5 Ne8 20. Ba7 b4 21.
Bxb8 bxc3 22. bxc3 Ba6 23. Ra1 Qb5 24. Rfb1 Qc4 25. Bg2 d5 26. Ba7 Qc8 27. Bd4
Bc4 28. Ra7 Rd7 29. Rxd7 Qxd7 30. Bf1 Bxf1 31. Qxf1 Qa4 32. Rb3 f6 33. Qb1 fxe5
34. fxe5 g6 35. Rb8 Kf7 36. Qb5 Qxb5 37. Rxb5 Bg5 38. Rb7+ Kg8 39. Kg2 h5 40.
h3 hxg4 41. hxg4 Bf4 42. Kf3 g5 43. Ke2 1-0

[Event "Open SSM A Agosto"]
[Site "Milano ITA"]
[Date "2012.07.29"]
[Round "3"]
[White "Pierandrei, Cristiano"]
[Black "Colombo, Luca"]
[WhiteElo "1983"]
[BlackElo "1887"]
[Result "1-0"]
[PlyCount "65"]
[EventDate "2012.07.27"]

1. Nf3 c5 2. c4 Nc6 3. d4 cxd4 4. Nxd4 g6 5. e4 Nf6 6. Nc3 d6 7. Be2 Nxd4 8.
Qxd4 Bg7 9. Be3 O-O 10. Qd2 Be6 11. O-O Rc8 12. b3 a5 13. Rad1 Nd7 14. f4 Nc5
15. Bd4 Bxd4+ 16. Qxd4 Bd7 17. f5 Bc6 18. e5 Qb6 19. Kh1 dxe5 20. Qxe5 Nd7 21.
Qxe7 Rfe8 22. Qh4 Qb4 23. fxg6 fxg6 24. Nd5 Bxd5 25. Rxd5 Re7 26. Bg4 Rc7 27.
h3 b6 28. Be6+ Kg7 29. Qd4+ Kh6 30. Qf4+ Kg7 31. Qxc7 Nf6 32. Qe5 Rxe6 33. Qxe6
1-0

[Event "Open SSM A Agosto"]
[Site "Milano ITA"]
[Date "2012.07.29"]
[Round "3"]
[White "Quaranta, Cristiano"]
[Black "Guzzetti, Luigi Enrico"]
[WhiteElo "2105"]
[BlackElo "1908"]
[Result "1/2-1/2"]
[PlyCount "80"]
[EventDate "2012.07.27"]

1. e4 c5 2. Nc3 e6 3. f4 d6 4. Nf3 Nc6 5. Bc4 a6 6. a4 Qc7 7. O-O Nf6 8. d3 Be7
9. Qe1 O-O 10. Qg3 Nb4 11. Bb3 d5 12. e5 Nh5 13. Qh3 g6 14. Na2 c4 15. dxc4
dxc4 16. Nxb4 cxb3 17. c3 a5 18. Nd3 Rd8 19. Nd4 b6 20. Be3 Ba6 21. Rfd1 Ng7
22. Bf2 Qc4 23. Nc1 Nf5 24. Ncxb3 Bc5 25. Nxc5 bxc5 26. Nxf5 exf5 27. Qe3 Rxd1+
28. Rxd1 Qxa4 29. Qd2 Qc4 30. Qd5 Rc8 31. Qxc4 Bxc4 32. Ra1 Rb8 33. Rxa5 Rxb2
34. Bxc5 h6 35. Bd4 g5 36. g3 g4 37. Ra8+ Kh7 38. Ra5 Rb1+ 39. Kf2 Rb2+ 40. Kg1
Rb1+ 1/2-1/2

[Event "Open SSM A Agosto"]
[Site "Milano ITA"]
[Date "2012.07.29"]
[Round "3"]
[White "Seminara, Antonio"]
[Black "Bonazzi, Edoardo"]
[WhiteElo "1978"]
[BlackElo "2101"]
[Result "0-1"]
[PlyCount "38"]
[EventDate "2012.07.27"]

1. d4 Nf6 2. Bg5 e6 3. e4 h6 4. Bxf6 Qxf6 5. Nc3 g5 6. Bc4 Bg7 7. Nge2 d6 8.
Qd2 Nc6 9. Nb5 Qe7 10. c3 a6 11. Na3 Bd7 12. O-O O-O-O 13. b4 Kb8 14. b5 Na5
15. bxa6 d5 16. a7+ Ka8 17. Bb5 Qxa3 18. c4 Nxc4 19. Bxc4 dxc4 0-1

[Event "Open SSM A Agosto"]
[Site "Milano ITA"]
[Date "2012.07.29"]
[Round "3"]
[White "Tarelli, Daniele"]
[Black "Cazzaniga, Walter"]
[WhiteElo "1909"]
[BlackElo "2148"]
[Result "0-1"]
[PlyCount "114"]
[EventDate "2012.07.27"]

1. c4 Nf6 2. g3 g6 3. Nc3 Bg7 4. d4 d5 5. cxd5 Nxd5 6. Bg2 Nb6 7. Nf3 O-O 8.
Na4 Nc6 9. e3 Nxa4 10. Qxa4 e5 11. dxe5 Nxe5 12. Nxe5 Bxe5 13. O-O c6 14. Rb1
Be6 15. b3 Qf6 16. Qb4 Rab8 17. Qd2 Rfd8 18. Qc2 Rd7 19. Ba3 Bg4 20. h3 Bf3 21.
Bb2 Bxb2 22. Qxb2 Qf5 23. Bxf3 Qxf3 24. Rfe1 Rbd8 25. Qe2 Qf5 26. g4 Qa5 27.
Red1 Rd2 28. Qf3 Rxa2 29. b4 Qg5 30. Qg3 Rdd2 31. Rxd2 Rxd2 32. Qb8+ Kg7 33.
Qg3 Qb5 34. h4 h6 35. e4 Rd4 36. Qc3 Qd3 37. Qa1 Kh7 38. Qa2 Qf3 39. Re1 Qxg4+
40. Kf1 Qh3+ 41. Kg1 Qe6 42. Qxa7 Rxb4 43. Qe3 h5 44. Kf1 Rb3 45. Qd4 Qh3+ 46.
Ke2 c5 47. Qc4 Rb2+ 48. Kd1 Qf3+ 49. Kc1 Qxf2 50. Qc3 c4 51. Rd1 Rb3 52. Qc2
Qxc2+ 53. Kxc2 b5 54. e5 Re3 55. Rd5 b4 56. Rc5 b3+ 57. Kd2 Re4 0-1

[Event "Open SSM A Agosto"]
[Site "Milano ITA"]
[Date "2012.07.29"]
[Round "4"]
[White "Bonazzi, Edoardo"]
[Black "Coppola, Federico"]
[WhiteElo "2101"]
[BlackElo "1844"]
[Result "0-1"]
[PlyCount "64"]
[EventDate "2012.07.27"]

1. c4 e5 2. g3 Bc5 3. Bg2 Nc6 4. Nc3 d6 5. Nf3 Nf6 6. O-O h6 7. d3 O-O 8. a3 a5
9. b3 Be6 10. e3 d5 11. cxd5 Nxd5 12. Nxd5 Bxd5 13. Qc2 Bb6 14. Bb2 Qe7 15.
Rad1 Qe6 16. Nd2 Bxg2 17. Kxg2 Rad8 18. Nc4 Ba7 19. b4 axb4 20. axb4 b5 21. Na3
Nxb4 22. Qc3 Nc6 23. Rc1 Rd6 24. Qc2 Bb6 25. Qe2 Nb4 26. Rfd1 Rfd8 27. d4 exd4
28. Qxb5 dxe3 29. Rxd6 Qxd6 30. Nc4 Qd5+ 31. Qxd5 Nxd5 32. Nxe3 Nxe3+ 0-1

[Event "Open SSM A Agosto"]
[Site "Milano ITA"]
[Date "2012.07.29"]
[Round "4"]
[White "Cacciola, Alfredo"]
[Black "Quaranta, Cristiano"]
[WhiteElo "2087"]
[BlackElo "2105"]
[Result "1/2-1/2"]
[PlyCount "91"]
[EventDate "2012.07.27"]

1. e4 e6 2. d4 d5 3. Nd2 Be7 4. Ngf3 Nf6 5. Bd3 c5 6. dxc5 a5 7. O-O O-O 8. Qe2
Na6 9. e5 Nd7 10. c3 Naxc5 11. Bc2 b6 12. Re1 Ba6 13. Qe3 a4 14. Nd4 Qc7 15. a3
Rac8 16. Qh3 g6 17. N2f3 Bd3 18. Bh6 Bxc2 19. Nxc2 Nd3 20. Re2 N3xe5 21. Nxe5
Nxe5 22. Bxf8 Bxf8 23. Rae1 Nc4 24. Ne3 Nxe3 25. fxe3 Rd8 26. Qg4 b5 27. Rd1
Bc5 28. h4 Qe5 29. Qg5 Qxg5 30. hxg5 Kf8 31. Kf2 Be7 32. e4 Bxg5 33. exd5 Ke7
34. Rd4 Bf6 35. Rdd2 e5 36. Re4 Kd6 37. Rb4 Bg5 38. Rd1 Kc5 39. d6 f5 40. c4
bxc4 41. Rxa4 e4 42. Ra5+ Kb6 43. Rdd5 Rxd6 44. Rab5+ Ka6 45. Ra5+ Kb6 46.
Rab5+ 1/2-1/2

[Event "Open SSM A Agosto"]
[Site "Milano ITA"]
[Date "2012.07.29"]
[Round "4"]
[White "Colombo, Luca"]
[Black "Bemporad, Filippo"]
[WhiteElo "1887"]
[BlackElo "2077"]
[Result "1/2-1/2"]
[PlyCount "76"]
[EventDate "2012.07.27"]

1. e4 c5 2. Nc3 d6 3. g3 Nc6 4. Bg2 g6 5. d3 Bg7 6. Be3 e6 7. Qd2 Rb8 8. Nge2
Qa5 9. O-O Nd4 10. Nc1 Ne7 11. f4 O-O 12. Qf2 Nec6 13. Nd1 Ne7 14. c3 Ndc6 15.
Nb3 Qc7 16. d4 b6 17. g4 f5 18. gxf5 exf5 19. e5 cxd4 20. cxd4 Nb4 21. Rc1 Qd7
22. Qd2 Nbd5 23. Bf2 Rd8 24. Nc3 Bb7 25. Bh4 Nxc3 26. Qxc3 Bxg2 27. Kxg2 dxe5
28. dxe5 Rbc8 29. Qf3 Rxc1 30. Rxc1 Rc8 31. Bxe7 Rxc1 32. Nxc1 Qxe7 33. Qd5+
Kh8 34. Nd3 h6 35. Qd6 Qb7+ 36. Kf2 Qe4 37. Qd7 g5 38. fxg5 hxg5 1/2-1/2

[Event "Open SSM A Agosto"]
[Site "Milano ITA"]
[Date "2012.07.29"]
[Round "4"]
[White "D'Avino, Luca"]
[Black "Montoli, Marco"]
[WhiteElo "1863"]
[BlackElo "1886"]
[Result "0-1"]
[PlyCount "30"]
[EventDate "2012.07.27"]

1. d4 Nf6 2. c4 g6 3. g3 c6 4. Bg2 d5 5. cxd5 cxd5 6. Nc3 Bg7 7. Nf3 O-O 8. O-O
Ne4 9. Qb3 Nc6 10. Qxd5 Nxc3 11. Qxd8 Nxe2+ 12. Kh1 Rxd8 13. Be3 Nexd4 14. Nxd4
Bxd4 15. Rad1 Bxe3 0-1

[Event "Open SSM A Agosto"]
[Site "Milano ITA"]
[Date "2012.07.29"]
[Round "4"]
[White "Falchi, Claudio"]
[Black "Pelizzola, Danilo"]
[WhiteElo "1849"]
[BlackElo "2045"]
[Result "0-1"]
[PlyCount "68"]
[EventDate "2012.07.27"]

1. e4 c5 2. Nc3 Nc6 3. g3 g6 4. Bg2 Bg7 5. d3 d6 6. f4 Bd7 7. Nf3 Nf6 8. O-O
O-O 9. h3 Qc8 10. g4 e6 11. Qe1 Nd4 12. Qf2 Nxf3+ 13. Qxf3 Rb8 14. f5 exf5 15.
gxf5 gxf5 16. Bg5 Kh8 17. Bxf6 Bxf6 18. Qh5 Qe8 19. Rf4 Rg8 20. Nd5 Bg5 21. h4
Bd8 22. Kh1 Qe5 23. Raf1 Be6 24. c3 fxe4 25. Rf5 Qg3 26. Nf4 Bxf5 27. Qxf5 Bxh4
28. Bxe4 Rg7 29. Nh5 Qe5 30. Nxg7 Qxg7 31. Qxf7 Qh6 32. Rf5 Rg8 33. Qh5 Qc1+
34. Kh2 Qg1+ 0-1

[Event "Open SSM A Agosto"]
[Site "Milano ITA"]
[Date "2012.07.29"]
[Round "4"]
[White "Guzzetti, Luigi Enrico"]
[Black "Tarelli, Daniele"]
[WhiteElo "1908"]
[BlackElo "1909"]
[Result "1-0"]
[PlyCount "127"]
[EventDate "2012.07.27"]

1. e4 c6 2. d4 d5 3. Nc3 dxe4 4. Nxe4 Nf6 5. Ng3 g6 6. Nf3 Bg7 7. Be2 Nbd7 8.
O-O O-O 9. Re1 Nb6 10. Bd2 Re8 11. c4 Bg4 12. Bc3 Bxf3 13. gxf3 Qc7 14. Qd2
Rad8 15. Qe3 Nbd7 16. Rad1 h5 17. Ne4 Kh7 18. Ng5+ Kg8 19. h4 Nf8 20. f4 N6h7
21. Qg3 Nxg5 22. fxg5 Qxg3+ 23. fxg3 Ne6 24. d5 cxd5 25. Bxg7 Nxg7 26. cxd5 Nf5
27. Kf2 Rd6 28. Bf3 Red8 29. Rc1 Rb6 30. b3 Ra6 31. a4 Rb6 32. Rc3 Nd4 33. Rxe7
Nxf3 34. Rxf3 Rxd5 35. Rexf7 Rf5 36. R7xf5 gxf5 37. Rxf5 Rxb3 38. Rb5 Ra3 39.
Rxb7 Rxa4 40. Ke3 a5 41. Ra7 Rg4 42. Kf3 Ra4 43. Ra6 Ra3+ 44. Kf4 Kg7 45. Rh6
a4 46. Rxh5 Ra1 47. Rh6 a3 48. Ra6 a2 49. Kg4 Kh7 50. Ra7+ Kg8 51. h5 Kf8 52.
h6 Ke8 53. h7 Rh1 54. Rxa2 Rxh7 55. Ra8+ Kf7 56. Ra7+ Kg6 57. Rxh7 Kxh7 58. Kf5
Kg7 59. g6 Kg8 60. Kf6 Kh8 61. g7+ Kg8 62. g4 Kh7 63. Kf7 Kh6 64. g5+ 1-0

[Event "Open SSM A Agosto"]
[Site "Milano ITA"]
[Date "2012.07.29"]
[Round "4"]
[White "Martinez, Rolly"]
[Black "Pace, Pietro Dario"]
[WhiteElo "2425"]
[BlackElo "2266"]
[Result "1/2-1/2"]
[PlyCount "20"]
[EventDate "2012.07.27"]

1. c4 c6 2. d4 d5 3. cxd5 cxd5 4. Nc3 Nc6 5. Nf3 Nf6 6. e3 e6 7. Be2 Be7 8. a3
a6 9. Bd2 Bd7 10. O-O O-O 1/2-1/2

[Event "Open SSM A Agosto"]
[Site "Milano ITA"]
[Date "2012.07.29"]
[Round "4"]
[White "Miracola, Massimiliano"]
[Black "Cani, Gazmir"]
[WhiteElo "2118"]
[BlackElo "2151"]
[Result "1-0"]
[PlyCount "57"]
[EventDate "2012.07.27"]

1. e4 Nf6 2. e5 Nd5 3. d4 d6 4. c4 Nb6 5. exd6 exd6 6. Nc3 Be7 7. h3 O-O 8. Nf3
Re8 9. Be2 Bf6 10. O-O Nc6 11. b3 a5 12. a3 a4 13. Nxa4 Nxa4 14. bxa4 Bd7 15.
Be3 d5 16. c5 Na5 17. Qc2 Ra7 18. Rfe1 Nc6 19. Rab1 Qa8 20. Bb5 Nb8 21. Bf4 c6
22. Bd3 g6 23. Rxe8+ Bxe8 24. Qe2 Bd7 25. Bc2 Na6 26. Re1 Qd8 27. Be5 Nc7 28.
Bxf6 Qxf6 29. Qe7 1-0

[Event "Open SSM A Agosto"]
[Site "Milano ITA"]
[Date "2012.07.29"]
[Round "4"]
[White "Montani, Francesco"]
[Black "Gongalov, Bojan"]
[WhiteElo "2214"]
[BlackElo "2090"]
[Result "0-1"]
[PlyCount "78"]
[EventDate "2012.07.27"]

1. d4 c5 2. d5 Nf6 3. c4 g6 4. Nc3 d6 5. e4 b5 6. cxb5 Bg7 7. Be2 a6 8. b6 O-O
9. Nf3 Nfd7 10. a4 a5 11. O-O Qxb6 12. Bb5 Na6 13. Nd2 Ne5 14. Qe2 Nb4 15. Nc4
Nxc4 16. Bxc4 Na6 17. Bf4 Nc7 18. Ra3 Ba6 19. Nb5 Bxb5 20. axb5 Rfb8 21. Qd2 a4
22. Bh6 Bf6 23. Bg5 Nxb5 24. Rh3 Bg7 25. Bxe7 Ra7 26. Bg5 Nc7 27. Qf4 Ne8 28.
Qh4 h6 29. Bxh6 Bxh6 30. Qxh6 Qxb2 31. e5 Qxe5 32. Re3 Qd4 33. Rfe1 Ng7 34. Ba2
Rab7 35. Qh3 Rb2 36. Qd7 Rxa2 37. Qxd6 Rf8 38. Qc6 Nf5 39. Rf3 Ra1 0-1

[Event "Open SSM A Agosto"]
[Site "Milano ITA"]
[Date "2012.07.29"]
[Round "4"]
[White "Moroni, Luca jr"]
[Black "Cazzaniga, Walter"]
[WhiteElo "2128"]
[BlackElo "2148"]
[Result "1-0"]
[PlyCount "53"]
[EventDate "2012.07.27"]

1. Nf3 Nf6 2. c4 g6 3. b3 Bg7 4. Bb2 O-O 5. g3 d6 6. d4 Nc6 7. Bg2 e5 8. dxe5
Ng4 9. O-O Ngxe5 10. Nxe5 Nxe5 11. Nc3 Rb8 12. Qd2 a6 13. Rad1 Be6 14. Nd5 f5
15. f4 Nd7 16. Bxg7 Kxg7 17. e4 Bxd5 18. Qxd5 fxe4 19. Qxe4 b5 20. Rfe1 bxc4
21. Qxc4 Rb6 22. Qc3+ Kh6 23. Re3 c5 24. g4 Rxf4 25. Rh3+ Kg5 26. Rd5+ Ne5 27.
Rxe5+ 1-0

[Event "Open SSM A Agosto"]
[Site "Milano ITA"]
[Date "2012.07.29"]
[Round "4"]
[White "Papale, Carmelo"]
[Black "Bisignano, Giuseppe"]
[WhiteElo "1868"]
[BlackElo "1891"]
[Result "1-0"]
[PlyCount "34"]
[EventDate "2012.07.27"]

1. e4 d6 2. d4 Nf6 3. Nc3 g6 4. Nf3 Bg7 5. Bc4 Bg4 6. e5 dxe5 7. Bxf7+ Kf8 8.
Bb3 e4 9. h3 exf3 10. hxg4 fxg2 11. Rg1 h6 12. Be3 Nc6 13. Qf3 Qd7 14. Rxg2 e6
15. O-O-O Qf7 16. g5 hxg5 17. Rxg5 Rd8 1-0

[Event "Open SSM A Agosto"]
[Site "Milano ITA"]
[Date "2012.07.29"]
[Round "4"]
[White "Pegoraro, Nicola"]
[Black "Pierandrei, Cristiano"]
[WhiteElo "2068"]
[BlackElo "1983"]
[Result "0-1"]
[PlyCount "120"]
[EventDate "2012.07.27"]

1. e4 e5 2. Nf3 Nc6 3. d4 exd4 4. Bc4 Nf6 5. O-O d6 6. Nxd4 Be7 7. Nxc6 bxc6 8.
Nc3 O-O 9. Bf4 Rb8 10. Rb1 Nd7 11. Re1 Bf6 12. Qd2 Re8 13. Bg3 g6 14. f4 Bg7
15. Bf2 Nb6 16. Bd3 d5 17. exd5 Rxe1+ 18. Rxe1 cxd5 19. b3 c6 20. Bc5 Be6 21.
Ne2 Nd7 22. Bxa7 Ra8 23. Bd4 Bh6 24. Bf2 c5 25. c3 Qa5 26. Bb1 Nf6 27. b4 cxb4
28. cxb4 Qa3 29. Nd4 Bf8 30. Re3 Qxb4 31. Qxb4 Bxb4 32. Nxe6 fxe6 33. Rxe6 Rc8
34. Bd3 Rc1+ 35. Bf1 Ne4 36. g3 Nd2 37. a3 Bxa3 38. Be1 Bc5+ 39. Kg2 Ne4 40.
Ba5 Kf7 41. Rc6 Rc2+ 42. Kh3 Ra2 43. Be1 Bg1 44. Bg2 Nf6 45. Rc1 h5 46. Bc3 d4
47. Rxg1 dxc3 48. Rc1 c2 49. Bc6 Ke7 50. Kg2 Kd6 51. Bf3 Kc5 52. Bd1 Nd5 53.
Kf3 Ra3+ 54. Kf2 Nb4 55. Bxc2 Ra2 56. Kf3 Nxc2 57. Ke4 Kd6 58. f5 Ra4+ 59. Kd3
Nb4+ 60. Ke2 gxf5 0-1

[Event "Open SSM A Agosto"]
[Site "Milano ITA"]
[Date "2012.07.29"]
[Round "4"]
[White "Villalba, Fernando"]
[Black "Margstahler, Francesco"]
[WhiteElo "1858"]
[BlackElo "1787"]
[Result "0-1"]
[PlyCount "68"]
[EventDate "2012.07.27"]

1. d4 d5 2. Nf3 Nf6 3. Bf4 c5 4. e3 Nc6 5. c3 Qb6 6. Qb3 c4 7. Qxb6 axb6 8.
Nbd2 b5 9. Be2 Bf5 10. a3 b4 11. O-O b3 12. Ne5 e6 13. Ndf3 Be7 14. Nh4 Bc2 15.
Nhf3 O-O 16. h3 Ra4 17. Nd2 Rfa8 18. Nxc6 bxc6 19. Bg5 Bxa3 20. Rxa3 Rxa3 21.
bxa3 Rxa3 22. Bxf6 gxf6 23. f3 b2 24. Nb1 Ra1 25. Nd2 Rc1 26. Kf2 Ba4 27. Nb1
Bb3 28. e4 Ba2 29. Nd2 Rxc3 30. exd5 cxd5 31. Rd1 Rc1 32. Ke3 c3 33. Kd3 cxd2
34. Kxd2 Rxd1+ 0-1

[Event "Open SSM A Agosto"]
[Site "Milano ITA"]
[Date "2012.07.29"]
[Round "4"]
[White "Virzi, Ettore"]
[Black "Seminara, Antonio"]
[WhiteElo "1964"]
[BlackElo "1978"]
[Result "1-0"]
[PlyCount "35"]
[EventDate "2012.07.27"]

1. e4 c5 2. Nf3 Nc6 3. d4 cxd4 4. Nxd4 e5 5. Nb5 a6 6. Nd6+ Bxd6 7. Qxd6 Qf6 8.
Qd1 Qg6 9. Nc3 d5 10. Nxd5 Qxe4+ 11. Be3 Nd4 12. Nc7+ Ke7 13. Rc1 Bf5 14. Nxa8
Nf6 15. c3 Nc6 16. Nb6 Rd8 17. Qf3 Nd5 18. Nxd5+ 1-0

[Event "Open SSM A Agosto"]
[Site "Milano ITA"]
[Date "2012.07.30"]
[Round "5"]
[White "Bemporad, Filippo"]
[Black "Villalba, Fernando"]
[WhiteElo "2077"]
[BlackElo "1858"]
[Result "1-0"]
[PlyCount "71"]
[EventDate "2012.07.27"]

1. d4 Nf6 2. Nf3 e6 3. g3 d5 4. Bg2 c6 5. O-O Bd6 6. c4 O-O 7. Nc3 Nbd7 8. Nd2
Be7 9. e4 dxe4 10. Ndxe4 Nxe4 11. Nxe4 Nf6 12. Nc3 Qc7 13. Qf3 Rd8 14. Rd1 Bd7
15. Bf4 Bd6 16. Bg5 Be7 17. Ne4 Nxe4 18. Bxe7 Re8 19. Bb4 Nf6 20. Re1 Qd8 21.
Bd6 Rc8 22. Be5 Qe7 23. Rac1 h6 24. h3 a6 25. g4 Nh7 26. Qg3 f6 27. Bd6 Qf7 28.
h4 Nf8 29. Re3 Nh7 30. Kh2 Qg6 31. b3 Kh8 32. Rce1 Qf7 33. f4 Qg6 34. Be4 Qf7
35. f5 Rg8 36. fxe6 1-0

[Event "Open SSM A Agosto"]
[Site "Milano ITA"]
[Date "2012.07.30"]
[Round "5"]
[White "Bisignano, Giuseppe"]
[Black "Pegoraro, Nicola"]
[WhiteElo "1891"]
[BlackElo "2068"]
[Result "1-0"]
[PlyCount "60"]
[EventDate "2012.07.27"]

1. e4 c5 2. Nf3 d6 3. d4 cxd4 4. Nxd4 Nf6 5. Bd3 a6 6. c4 Nc6 7. Nxc6 bxc6 8.
Nc3 g6 9. O-O Bg7 10. f3 O-O 11. Be3 Rb8 12. Rb1 Qa5 13. Qd2 Re8 14. Rfd1 Nd7
15. Be2 Ne5 16. Qc2 c5 17. h3 Nc6 18. Bf1 Nd4 19. Qf2 Be6 20. Bd3 Nc6 21. f4
Nb4 22. Bf1 f5 23. e5 Red8 24. a3 Nc6 25. b4 Qxa3 26. b5 Qxc3 27. bxc6 dxe5 28.
Bxc5 Rxd1 29. Rxd1 Rc8 30. Bxe7 Bxc4 1-0